[Event "AUTO-ELITE-2615"]
[Site "http://www.queenalice.com/game.php?id=1870759"]
[Date "2026.3.20"]
[Round "1"]
[White "JailtonMaster"]
[Black "Donidon"]
[Result "0-1"]
[WhiteElo "2116"]
[BlackElo "2281"]

1. d4 Nf6 2. c4 g6 3. Nc3 d6 4. e4 Bg7 5. Bd3 O-O 6. h3 Nc6 7. Nf3 e5 8. d5 Ne7
9. O-O c6 10. Ne1 Qb6 11. Qc2 cxd5 12. exd5 Bf5 13. Be3 Qc7 14. b4 a6 15. Rc1
Bxd3 16. Qxd3 Nf5 17. c5 Rfd8 18. Ne4 Nxe4 19. Qxe4 Nxe3 20. fxe3 a5 21. a3 axb4
22. axb4 dxc5 23. bxc5 Bh6 24. Nd3 f5 25. Qf3 e4 26. Qe2 exd3 27. Qxd3 Qe5 0-1

[Event "AUTO-ELITE-2615"]
[Site "http://www.queenalice.com/game.php?id=1870760"]
[Date "2026.3.20"]
[Round "1"]
[White "Donidon"]
[Black "JailtonMaster"]
[Result "1-0"]
[WhiteElo "2274"]
[BlackElo "2110"]

1. e4 e5 2. Nf3 Nc6 3. Bc4 Bc5 4. O-O Nf6 5. d3 O-O 6. c3 d6 7. Bg5 h6 8. Bh4
Be6 9. Nbd2 a6 10. Re1 b5 11. Bxe6 fxe6 12. Nb3 Bb6 13. d4 exd4 14. cxd4 e5 15.
Qc2 Nxd4 16. Nbxd4 exd4 17. Qb3+ Kh8 18. e5 dxe5 19. Nxe5 Kh7 20. Qd3+ Kg8 21.
Nc6 Qd6 22. Ne7+ Kh8 23. Ng6+ Kg8 24. Qb3+ Nd5 25. Qxd5+ 1-0

[Event "AUTO-MASTER-3299"]
[Site "http://www.queenalice.com/game.php?id=1870985"]
[Date "2026.3.25"]
[Round "1"]
[White "Donidon"]
[Black "josebaron"]
[Result "1-0"]
[WhiteElo "2264"]
[BlackElo "2151"]

1. d4 d5 2. Nf3 Nf6 3. c4 dxc4 4. Nc3 e6 5. e4 Be7 6. Bxc4 c6 7. O-O O-O 8. e5
Nd5 9. Ne4 h6 10. Bd2 Nd7 11. Qc1 N7b6 12. Bb3 a5 13. a3 a4 14. Ba2 f6 15. exf6
Nxf6 16. Qc2 Nxe4 17. Qxe4 Bf6 18. Bb1 Kf7 19. Qg6+ Ke7 20. Bb4+ Kd7 21. Bxf8
Qxf8 22. Ne5+ Bxe5 23. dxe5 Nd5 24. Ba2 Kc7 25. Bxd5 cxd5 26. Rac1+ Kb8 27. Rc3
Qe7 28. Rfc1 Bd7 29. Rg3 Ka7 30. Qxg7 1-0

[Event "AUTO-MASTER-3299"]
[Site "http://www.queenalice.com/game.php?id=1870986"]
[Date "2026.3.25"]
[Round "1"]
[White "josebaron"]
[Black "Donidon"]
[Result "0-1"]
[WhiteElo "2210"]
[BlackElo "2243"]

1. e4 e5 2. Nf3 Nc6 3. Bb5 a6 4. Bxc6 dxc6 5. O-O Bd6 6. Re1 Nf6 7. d3 O-O 8.
Bg5 h6 9. Bh4 g5 10. Nxg5 hxg5 11. Bxg5 Be7 12. Bxf6 Bxf6 13. Re3 Re8 14. Rg3+
Kf8 15. Nd2 Bg5 16. Nf3 Bf4 0-1

[Event "AUTO-MASTER-3299"]
[Site "http://www.queenalice.com/game.php?id=1870989"]
[Date "2026.3.25"]
[Round "1"]
[White "Donidon"]
[Black "Fauquinelle"]
[Result "1-0"]
[WhiteElo "2282"]
[BlackElo "2050"]

1. e4 c6 2. d4 d5 3. exd5 cxd5 4. c4 Nf6 5. Nc3 e6 6. Nf3 Bb4 7. Bd3 dxc4 8.
Bxc4 O-O 9. O-O b6 10. Ne5 Bxc3 11. bxc3 Qc7 12. Ba3 Re8 13. Re1 Nbd7 14. Qb3
Nf8 15. Bd3 N6d7 16. f4 Bb7 17. Rac1 Rad8 18. Bf1 f5 19. Qc4 Qb8 20. Nxd7 Rxd7
21. Bxf8 Kxf8 22. Rxe6 Bd5 23. Qb4+ Kf7 24. Re5 g6 25. Rce1 Be4 26. Bc4+ Kg7 27.
Rxe8 Qxe8 28. Bb5 Qd8 29. Bxd7 Qxd7 30. h3 Qf7 31. c4 Qd7 32. d5 1-0

[Event "AUTO-MASTER-3299"]
[Site "http://www.queenalice.com/game.php?id=1870990"]
[Date "2026.3.25"]
[Round "1"]
[White "Fauquinelle"]
[Black "Donidon"]
[Result "0-1"]
[WhiteElo "2033"]
[BlackElo "2272"]

1. e4 e5 2. Nf3 Nc6 3. Bb5 a6 4. Ba4 Nf6 5. O-O b5 6. Bb3 Be7 7. Nc3 Bb7 8. d4
d6 9. a3 O-O 10. Re1 exd4 11. Nxd4 Nxd4 12. Qxd4 c5 13. Qd1 Qc7 14. Nd5 Bxd5 15.
exd5 Rfe8 16. c4 g6 17. Bh6 Bf8 18. Bg5 Rxe1+ 19. Qxe1 Re8 20. Qf1 Ne4 21. Bf4
Bg7 22. Rb1 Bd4 23. cxb5 axb5 24. a4 Nxf2 25. h4 Nd3+ 26. Kh2 Nxf4 27. Qxf4 Be5
0-1

[Event "AUTO-ELITE-2619"]
[Site "http://www.queenalice.com/game.php?id=1872171"]
[Date "2026.4.18"]
[Round "1"]
[White "raulzampronha"]
[Black "Donidon"]
[Result "1-0"]
[WhiteElo "2245"]
[BlackElo "2314"]

1. e4 d5 2. exd5 Qxd5 3. Nc3 Qa5 4. d4 c6 5. Nf3 Nf6 6. Bc4 e6 7. Bd2 Qc7 8. Qe2
Bd6 9. O-O-O O-O 10. g4 Nd5 11. g5 Bf4 12. h4 Nxc3 13. bxc3 Bd6 14. h5 Qb6 15.
Bb3 Nd7 16. g6 fxg6 17. hxg6 Nf6 18. gxh7+ Nxh7 19. Rxh7 Rxf3 20. Rxg7+ Kxg7 21.
Qxf3 Ba3+ 22. Kb1 Qxb3+ 23. axb3 Be7 24. Rg1+ 1-0

[Event "AUTO-ELITE-2619"]
[Site "http://www.queenalice.com/game.php?id=1872172"]
[Date "2026.4.18"]
[Round "1"]
[White "Donidon"]
[Black "Cerberus"]
[Result "0-1"]
[WhiteElo "2277"]
[BlackElo "2707"]

1. c4 Nf6 2. d4 g6 3. Nc3 d5 4. Nf3 Bg7 5. Bg5 Ne4 6. Nxe4 dxe4 7. Ne5 f6 8.
Nxg6 hxg6 9. Be3 f5 10. g3 c5 11. d5 Bxb2 12. Rb1 Qa5+ 13. Bd2 Bc3 14. e3 b6 15.
Bxc3 Qxc3+ 16. Qd2 Qxd2+ 17. Kxd2 e6 18. dxe6 Nc6 19. e7 Ne5 20. Kc3 Bd7 21. Rd1
Ng4 22. h3 Nxf2 23. Be2 Kxe7 24. h4 Ba4 25. Rhf1 Nxd1+ 26. Bxd1 Bxd1 27. Rxd1
Rad8 0-1

[Event "AUTO-ELITE-2619"]
[Site "http://www.queenalice.com/game.php?id=1872173"]
[Date "2026.4.18"]
[Round "1"]
[White "Cerberus"]
[Black "Donidon"]
[Result "1-0"]
[WhiteElo "2706"]
[BlackElo "2306"]

1. e4 e6 2. d4 d5 3. e5 c5 4. c3 Nc6 5. Nf3 Bd7 6. Be2 Qb6 7. O-O O-O-O 8. dxc5
Bxc5 9. b4 Be7 10. Na3 Nh6 11. Be3 Qc7 12. Nb5 Qb8 13. c4 a6 14. cxd5 exd5 15.
a4 Be6 16. Rc1 axb5 17. axb5 1-0

[Event "AUTO-MASTER-3302"]
[Site "http://www.queenalice.com/game.php?id=1872238"]
[Date "2026.4.21"]
[Round "1"]
[White "cerenzo72"]
[Black "Donidon"]
[Result "0-1"]
[WhiteElo "2153"]
[BlackElo "2298"]

1. c4 Nf6 2. Nc3 g6 3. Nf3 d5 4. cxd5 Nxd5 5. e3 Bg7 6. d4 O-O 7. Be2 c5 8. O-O
cxd4 9. exd4 Nc6 10. Bg5 h6 11. Bh4 g5 12. Bg3 Be6 13. a3 a6 14. a4 Ndb4 15. Ne4
a5 16. Nc5 Bd5 17. Nxb7 Qc8 18. Nc5 g4 19. Nh4 Nxd4 20. Rc1 h5 21. f3 Na2 22.
Bc4 Nxc1 23. Bxd5 Qxc5 24. Bxa8 Nce2+ 25. Kh1 Rxa8 26. Bf2 Rc8 27. fxg4 hxg4 28.
Re1 Qg5 29. Rxe2 Rc1 0-1

[Event "AUTO-MASTER-3302"]
[Site "http://www.queenalice.com/game.php?id=1872239"]
[Date "2026.4.21"]
[Round "1"]
[White "Donidon"]
[Black "cerenzo72"]
[Result "1-0"]
[WhiteElo "2290"]
[BlackElo "2171"]

1. e4 e5 2. Nf3 d6 3. d4 exd4 4. Nxd4 g6 5. Nc3 Bg7 6. Bc4 a6 7. O-O Ne7 8. Bg5
O-O 9. h3 c6 10. Bb3 Qd7 11. f4 c5 12. Nde2 b5 13. f5 gxf5 14. Bxe7 Qxe7 15. Bd5
Bb7 16. Rxf5 Bxd5 17. Nxd5 Qxe4 18. c3 Nc6 19. Ng3 Qh4 20. Nh5 f6 21. Ndf4 Ne7
22. g3 Nxf5 23. gxh4 Nxh4 24. Qg4 Ng6 25. Nxg7 Kxg7 26. Ne6+ Kf7 27. Nxf8 Rxf8
28. Qd7+ 1-0

[Event "AUTO-MASTER-3302"]
[Site "http://www.queenalice.com/game.php?id=1872252"]
[Date "2026.4.21"]
[Round "1"]
[White "Diemerlin"]
[Black "Donidon"]
[Result "1-0"]
[WhiteElo "2240"]
[BlackElo "2263"]

1. e4 e5 2. Nf3 Nf6 3. Nxe5 d6 4. Nxf7 Kxf7 5. Nc3 Be6 6. d4 c6 7. f4 Bg4 8. Be2
Bxe2 9. Qxe2 Nbd7 10. e5 d5 11. O-O Ne4 12. Nxe4 dxe4 13. f5 Ke8 14. Qh5+ g6 15.
fxg6 hxg6 16. Qxg6+ 1-0

[Event "AUTO-MASTER-3302"]
[Site "http://www.queenalice.com/game.php?id=1872253"]
[Date "2026.4.21"]
[Round "1"]
[White "Donidon"]
[Black "Diemerlin"]
[Result "1/2-1/2"]
[WhiteElo "2264"]
[BlackElo "2229"]

1. e4 e5 2. Nf3 Nc6 3. d4 exd4 4. Nxd4 Bc5 5. Be3 Qf6 6. c3 Qg6 7. Nd2 Nf6 8. f3
d5 9. Bb5 Qxg2 10. Rg1 Qxh2 11. Qa4 Bd7 12. O-O-O O-O 13. Rh1 Qe5 14. Nxc6 bxc6
15. Bxc5 cxb5 16. Qd4 Rfe8 17. exd5 Nxd5 18. Ne4 Qf4+ 1/2-1/2

[Event "AUTO-MASTER-3302"]
[Site "http://www.queenalice.com/game.php?id=1872262"]
[Date "2026.4.21"]
[Round "1"]
[White "Donidon"]
[Black "Fredo"]
[Result "1-0"]
[WhiteElo "2275"]
[BlackElo "2092"]

1. e4 c5 2. Nf3 d6 3. d4 cxd4 4. Nxd4 Nf6 5. Nc3 a6 6. Bg5 e6 7. Bc4 Qc7 8. Bb3
Be7 9. Qd2 Nc6 10. O-O Nxd4 11. Qxd4 O-O 12. Rad1 Rd8 13. Na4 b5 14. Nc3 Bb7 15.
h3 h6 16. Bh4 Rac8 17. a3 Qc5 18. Qxc5 dxc5 19. e5 Rxd1 20. Rxd1 Nd5 21. Bxd5
Bxh4 22. Bxb7 1-0

[Event "AUTO-MASTER-3302"]
[Site "http://www.queenalice.com/game.php?id=1872263"]
[Date "2026.4.21"]
[Round "1"]
[White "Fredo"]
[Black "Donidon"]
[Result "0-1"]
[WhiteElo "2080"]
[BlackElo "2277"]

1. e4 d5 2. exd5 Qxd5 3. d4 Nf6 4. Nf3 g6 5. Be2 Bg7 6. O-O O-O 7. c4 Qd8 8. Nc3
Nc6 9. b3 Re8 10. Bb2 a6 11. d5 Na7 12. Bd3 c6 13. dxc6 Nxc6 14. Qc2 Nb4 0-1

[Event "AUTO-ELITE-2620"]
[Site "http://www.queenalice.com/game.php?id=1872286"]
[Date "2026.4.22"]
[Round "1"]
[White "Donidon"]
[Black "acid"]
[Result "0-1"]
[WhiteElo "2250"]
[BlackElo "2731"]

1. e4 c5 2. Nf3 d6 3. d4 cxd4 4. Nxd4 Nf6 5. Nc3 a6 6. Bc4 e6 7. Bb3 b5 8. O-O
Be7 9. a3 O-O 10. Be3 Bb7 11. f3 Nbd7 12. Qe1 Re8 13. Qg3 Ne5 14. Bxe6 fxe6 15.
Nxe6 Nh5 16. Nxd8 Nxg3 17. Nxb7 Nxf1 18. Rxf1 Nc4 19. Bc1 Ra7 20. b3 Nb6 21. Na5
Rc7 22. Ne2 d5 23. Be3 Nd7 24. c3 dxe4 25. fxe4 Bxa3 26. Bf4 Bc5+ 27. Kh1 Rcc8
28. b4 Bf8 29. Kg1 Rxe4 30. Ng3 Ree8 31. Bd2 g6 32. Nb3 Bg7 33. Ra1 Bxc3 34.
Bxc3 Rxc3 35. Rb1 Nf6 36. Nd4 Nd5 37. Nf1 Rc4 38. Nf3 Rxb4 39. Rd1 Nf4 40. g3
Nh3+ 41. Kg2 g5 42. Kxh3 g4+ 43. Kg2 Re2+ 44. Kg1 gxf3 0-1

[Event "AUTO-ELITE-2620"]
[Site "http://www.queenalice.com/game.php?id=1872294"]
[Date "2026.4.22"]
[Round "1"]
[White "ichtus"]
[Black "Donidon"]
[Result "1-0"]
[WhiteElo "2835"]
[BlackElo "2300"]

1. Nf3 Nf6 2. d4 d5 3. Bf4 e6 4. Nbd2 g6 5. e3 Bg7 6. Be2 O-O 7. c4 c6 8. O-O
Nbd7 9. Rc1 Nb6 10. c5 Nbd7 11. b4 Ne8 12. b5 Nb8 13. a4 Nd7 14. e4 dxe4 15.
Nxe4 cxb5 16. axb5 Ndf6 17. Nxf6+ Nxf6 18. Re1 Nd5 19. Bd6 Re8 20. Ne5 f6 21.
Nc4 a6 22. b6 a5 23. Bf3 a4 24. Qd2 h5 25. Rb1 Qd7 26. Qc2 a3 27. Qxg6 Ne7 28.
Qxh5 Rf8 29. c6 bxc6 30. Bxa3 Rxa3 31. Nxa3 Bb7 32. Nc4 Qxd4 33. Rxe6 Qxc4 34.
Rxe7 Rf7 35. Qxf7+ Qxf7 36. Rxf7 Kxf7 37. Ra1 1-0

[Event "AUTO-ELITE-2621"]
[Site "http://www.queenalice.com/game.php?id=1873293"]
[Date "2026.5.12"]
[Round "1"]
[White "Donidon"]
[Black "JUNIOR2"]
[Result "0-1"]
[WhiteElo "2276"]
[BlackElo "2440"]

1. Nf3 Nf6 2. d4 d5 3. g3 Bf5 4. Bg2 e6 5. O-O Be7 6. c3 O-O 7. Bf4 Nbd7 8. Ne5
Nxe5 9. Bxe5 Nd7 10. Bf4 c5 11. Nd2 cxd4 12. cxd4 g5 13. Be3 Qb6 14. Nb3 h6 15.
Rc1 Rfc8 16. Qd2 Bb4 17. Qd1 Bf8 18. Qd2 Qb5 19. Rxc8 Rxc8 20. Rc1 Rxc1+ 21.
Qxc1 Qxe2 22. Nd2 Nf6 23. h3 Qa6 24. a3 Qa4 25. b3 Qxa3 26. Qc7 Qb4 27. g4 Bg6
28. Nf3 Kg7 29. Ne5 Bd6 30. Qc1 Qxb3 31. Bf1 Qc2 32. Qe1 Ne4 33. Nf3 Bf4 34.
Bxf4 gxf4 35. h4 a5 36. h5 a4 37. hxg6 a3 38. gxf7 a2 39. f8=Q+ Kxf8 40. Qb4+
Kg8 0-1

[Event "AUTO-ELITE-2621"]
[Site "http://www.queenalice.com/game.php?id=1873296"]
[Date "2026.5.12"]
[Round "1"]
[White "trompmaster"]
[Black "Donidon"]
[Result "1-0"]
[WhiteElo "2461"]
[BlackElo "2270"]

1. Nf3 Nf6 2. d4 d5 3. Bf4 c6 4. e3 g6 5. c4 Bg7 6. Nc3 O-O 7. h3 Nbd7 8. cxd5
cxd5 9. Bd3 Qb6 10. a3 a6 11. O-O Re8 12. Qc2 e6 13. Rfc1 Qd8 14. Ne2 Nh5 15.
Bd6 e5 16. dxe5 Nxe5 17. Bxe5 Bxe5 18. Nxe5 Rxe5 19. Qc7 Qxc7 20. Rxc7 Rb8 21.
Rac1 Re8 22. Bc2 Be6 23. Nd4 Rec8 24. Nxe6 fxe6 25. Bd3 Rxc7 26. Rxc7 Nf6 27. g4
Ne8 28. Re7 Ng7 29. Kf1 Kf8 30. Rd7 b5 31. Ke2 b4 32. a4 Rb6 33. Ra7 a5 34. Rxa5
Rb7 35. Ra8+ Ke7 36. a5 Rc7 37. Rh8 h5 38. Rh6 hxg4 39. Rxg6 Kf7 40. Rxg4 Ra7
41. a6 Nf5 42. Rxb4 Nd6 43. Rh4 Ke7 44. Rh7+ Nf7 45. Bg6 Rxa6 46. Rxf7+ Kd6 47.
Rb7 Ke5 48. h4 Kf6 49. h5 Kg5 50. f4+ Kh4 51. h6 Ra8 52. Re7 1-0

[Event "Let's Play Chess!"]
[Site "http://www.queenalice.com/game.php?id=1873539"]
[Date "2026.5.18"]
[Round "-"]
[White "Donidon"]
[Black "alow_proton"]
[Result "1/2-1/2"]
[WhiteElo "2280"]
[BlackElo "1955"]

1. e4 c5 2. Nf3 d6 3. d4 cxd4 4. Nxd4 Nf6 5. Nc3 e6 6. Bb5+ Nbd7 7. O-O a6 8.
Be2 Nc5 9. Bg5 Be7 10. Bxf6 Bxf6 11. Bf3 e5 12. Nde2 Be6 13. Ng3 O-O 14. Nd5
Bxd5 15. exd5 Bg5 16. b4 Nd7 17. Nf5 Nf6 18. h4 Bf4 19. g3 Bh6 20. g4 Bf4 21. g5
Ne8 22. Kg2 f6 23. gxf6 Nxf6 24. Qd3 Re8 25. Rae1 Rc8 26. c4 g6 27. Ng3 Rc7 28.
c5 dxc5 29. bxc5 Rxc5 30. d6 Qd7 31. Ne4 Nxe4 32. Rxe4 Kh8 33. Rxf4 exf4 34.
Qd4+ Rce5 35. Re1 Qg7 36. d7 Rxe1 37. d8=Q Rxd8 38. Qxd8+ Qg8 39. Qf6+ Qg7 40.
Qxf4 h6 41. Be4 g5 42. Qb8+ Qg8 43. Qe5+ Qg7 44. Qe8+ Qg8 45. Qe5+ Qg7 46. Qe8+
1/2-1/2

[Event "AUTO-ELITE-2622"]
[Site "http://www.queenalice.com/game.php?id=1873716"]
[Date "2026.5.21"]
[Round "1"]
[White "arvo1938"]
[Black "Donidon"]
[Result "1-0"]
[WhiteElo "2231"]
[BlackElo "2291"]

1. e4 e5 2. Nf3 Nc6 3. Bb5 a6 4. Ba4 Nf6 5. O-O b5 6. Bb3 Be7 7. d4 d6 8. dxe5
Nxe4 9. Qd5 O-O 10. Qxc6 Bf5 11. Bd5 Nc5 12. Qxa8 Qxa8 13. Bxa8 Rxa8 14. Nd4 Bd7
15. Bf4 dxe5 16. Bxe5 Bd6 17. Bxd6 cxd6 18. Nc3 Rc8 19. Rad1 Be6 20. Nxe6 Nxe6
21. Rxd6 b4 22. Nd5 Kf8 23. Rxa6 g6 24. Nxb4 1-0

[Event "AUTO-ELITE-2622"]
[Site "http://www.queenalice.com/game.php?id=1873717"]
[Date "2026.5.21"]
[Round "1"]
[White "Donidon"]
[Black "arvo1938"]
[Result "1-0"]
[WhiteElo "2269"]
[BlackElo "2245"]

1. e4 c5 2. Nf3 d6 3. d4 cxd4 4. Nxd4 Nc6 5. c4 e5 6. Nb5 Nf6 7. N1c3 Be7 8. Be2
a6 9. Na3 Nd4 10. O-O O-O 11. Bd3 Ne6 12. Nc2 Nc5 13. Qe2 Be6 14. Ne3 b5 15.
cxb5 Nxd3 16. Qxd3 axb5 17. Nxb5 Ra4 18. Nc3 Rd4 19. Qc2 Qb8 20. Ncd5 Bxd5 21.
Nxd5 Nxd5 22. exd5 Rxd5 23. a4 Rc8 24. Qf5 g6 25. Qf3 Rd4 26. a5 Qa8 27. Be3 Rb4
28. a6 d5 29. Rfc1 Rbc4 30. Rxc4 Rxc4 31. a7 e4 32. Qf4 d4 33. Qb8+ Rc8 34.
Qxc8+ 1-0